Paul the Man, his life, his message and his ministry. (Record no. 4550)

000 -LEADER
fixed length control field 00535nam a2200169 a 4500
001 - CONTROL NUMBER
control field :::00002289$&:&@@
003 - CONTROL NUMBER IDENTIFIER
control field OkBaRHE
005 - DATE AND TIME OF LATEST TRANSACTION
control field 20100331145535.0
008 - FIXED-LENGTH DATA ELEMENTS--GENERAL INFORMATION
fixed length control field j 000 0 eng u
040 ## - CATALOGING SOURCE
Transcribing agency
100 1# - MAIN ENTRY--PERSONAL NAME
Personal name Macartney, Clarence Edward
245 10 - TITLE STATEMENT
Title Paul the Man, his life, his message and his ministry.
260 ## - PUBLICATION, DISTRIBUTION, ETC. (IMPRINT)
Place of publication, distribution, etc New York
Name of publisher, distributor, etc Fleming H. Revell Company
300 ## - PHYSICAL DESCRIPTION
Extent 221 p. ;
Dimensions 20.5 cm.
942 ## - ADDED ENTRY ELEMENTS (KOHA)
Source of classification or shelving scheme
Koha item type Books
Copies
Barcode Copy number Source of classification or shelving scheme Price effective from Not for loan Permanent Location Date last seen Koha item type Full call number Shelving location Withdrawn status Damaged status Date acquired Lost status
22891 2010-04-14 RHEMA Bible Training College2018-03-16BooksBS 2505 .M23 P3General Stacks  2010-04-14